Central Library OPAC University of Rajshahi

Public libraries in East Pakistan: (Record no. 1024)

MARC details
000 -LEADER
fixed length control field 00958cam a2200265 4500
001 - CONTROL NUMBER
control field 1024
003 - CONTROL NUMBER IDENTIFIER
rucl marc code BD-RjUL
005 - DATE AND TIME OF LATEST TRANSACTION
control field 20211208233251.0
008 - FIXED-LENGTH DATA ELEMENTS--GENERAL INFORMATION
fixed length control field 131124s1968 pk a b 000 0 eng
035 ## - SYSTEM CONTROL NUMBER
System control number (BD-RjUL) 1046
040 ## - CATALOGING SOURCE
Original cataloging agency DLC
Transcribing agency DLC
Modifying agency DLC
-- BD-RjUL
Language of cataloging eng
041 ## - LANGUAGE CODE
Language code of text/sound track or separate title eng
082 00 - DEWEY DECIMAL CLASSIFICATION NUMBER
Classification number 027.45492
Author mark and year SYP 1968
100 1# - MAIN ENTRY--PERSONAL NAME
Personal name Syed, Mohammad Abu.
9 (RLIN) 3015
245 10 - TITLE STATEMENT
Title Public libraries in East Pakistan:
Remainder of title yesterday & today /
Statement of responsibility, etc. by Mohammad Abu Syed; With a foreword by F. G. B. Hutchings.
260 ## - PUBLICATION, DISTRIBUTION, ETC. (IMPRINT)
Place of publication, distribution, etc. Dacca :
Name of publisher, distributor, etc. Green Book House,
Date of publication, distribution, etc. 1968.
300 ## - PHYSICAL DESCRIPTION
Pagination xix, 116 p. :
Illustrations illus. ;
Size 22 cm.
350 ## - PRICE (NR) (BK AM CF MU VM SE) [OBSOLETE]
Price 4.75
500 ## - GENERAL NOTE
General note "My two papers on public libraries ... 'Planning a nation-wide public library system' [and] 'A plan for public library development' ... form the basis of this work."
504 ## - BIBLIOGRAPHY, ETC. NOTE
Bibliography, etc Bibliography: p. [108]-112.
650 #0 - SUBJECT ADDED ENTRY--TOPICAL TERM
Topical term or geographic name as entry element Public libraries
Geographic subdivision Bangladesh.
9 (RLIN) 3016
942 ## - ADDED ENTRY ELEMENTS (KOHA)
Source of classification or shelving scheme Dewey Decimal Classification
Koha item type Books
Holdings
Lost status Source of classification or shelving scheme Damaged status Not for loan Collection code Permanent Location Current Location Shelving location Date acquired Source of acquisition Cost, normal purchase price Total Checkouts Full call number Date last seen Copy number Koha item type
  Dewey Decimal Classification     Non-fiction Central Library, University of Rajshahi Central Library, University of Rajshahi   14/10/1969 Green book house 4.75   027.45492 SYP 1968 24/11/2013 C-4 Books
  Dewey Decimal Classification     Non-fiction Central Library, University of Rajshahi Central Library, University of Rajshahi   11/02/1970 Mirza Book Agency     027.45492 SYP 1968 09/03/2014 C-8 Books
  Dewey Decimal Classification   Added to bundle Non-fiction Central Library, University of Rajshahi Central Library, University of Rajshahi Reading Room 14/10/1969 Green book house 4.75   027.45492 SYP 1968 09/03/2014 C-1 Books
  Dewey Decimal Classification     Non-fiction Central Library, University of Rajshahi Central Library, University of Rajshahi   14/10/1969 Green book house 4.75   027.45492 SYP 1968 09/03/2014 C-2 Books
  Dewey Decimal Classification     Non-fiction Central Library, University of Rajshahi Central Library, University of Rajshahi   14/10/1969 Green book house 4.75   027.45492 SYP 1968 09/03/2014 C-3 Books
  Dewey Decimal Classification     Non-fiction Central Library, University of Rajshahi Central Library, University of Rajshahi   14/10/1969 Green book house 4.75   027.45492 SYP 1968 09/03/2014 C-5 Books
  Dewey Decimal Classification     Non-fiction Central Library, University of Rajshahi Central Library, University of Rajshahi   30/10/1969 M. B. Agency 4.75   027.45492 SYP 1968 09/03/2014 C-6 Books
  Dewey Decimal Classification     Non-fiction Central Library, University of Rajshahi Central Library, University of Rajshahi   11/02/1970 Mirza book 4.75   027.45492 SYP 1968 09/03/2014 C-7 Books